000
00222 a2200097 4500
001
25531
100
_a
Hueter & Bolt
245
_a
Introduction to Electrical Engineering
260
_a
_b
Macmillan
_c
090
_c
17255
_d
17255
942
_a
NUST-CAE
_c
M
_c
8064
999
_c
260604
_d
260604